[Event "Subic Open"]
[Site "Subic PHI"]
[Date "2009.05.28"]
[Round "6"]
[White "Andador,R"]
[Black "Pascua,H"]
[Result "1-0"]
[WhiteElo "2286"]
[BlackElo "2359"]

1.e4 c5 2.c3 Nf6 3.e5 Nd5 4.Bc4 Nb6 5.Bb3 c4 6.Bc2 Nc6 7.Nf3 Qc7 8.Qe2 g5
9.e6 dxe6 10.Nxg5 h6 11.Nf3 Rg8 12.O-O e5 13.Nh4 Bg4 14.f3 Be6 15.Na3 O-O-O
16.b3 cxb3 17.axb3 Nd5 18.Kh1 Bg7 19.Qf2 Bf6 20.Nf5 Qd7 21.Nxh6 Rh8 22.Ng4 Bh4
23.g3 f5 24.Nxe5 Nxe5 25.gxh4 Nc7 26.c4 Ng6 27.d4 Nxh4 28.Bf4 a6 29.d5 Bf7
30.Qc5 Bh5 31.Nb5 b6 32.Qxb6  1-0

[Event "3rd ENCI Limburg Open"]
[Site "Maastricht NED"]
[Date "2009.05.29"]
[Round "1"]
[White "Friesen,Bo"]
[Black "Zilverberg,J"]
[Result "1/2-1/2"]
[WhiteElo "2114"]
[BlackElo "2015"]

1.e4 c5 2.c3 Nf6 3.e5 Nd5 4.Nf3 e6 5.Bc4 b6 6.O-O Bb7 7.d4 cxd4 8.Nxd4 d6
9.exd6 Bxd6 10.Qe2 O-O 11.Rd1 Qh4 12.g3 Qe7 13.Nb5 a6 14.Nxd6 Qxd6 15.Bd3 Qe7
16.Be4 Nf6 17.Bxb7 Qxb7 18.Be3 Nbd7 19.Nd2 b5 20.Qf3 Qxf3 21.Nxf3 Rfc8 22.a4 Rab8
23.axb5 axb5 24.Ra7 Rd8 25.Bf4 Nc5 26.Rxd8+ Rxd8 27.Ra5 Nd3 28.Bc7 Rc8 29.Rxb5 Ne4
30.Kf1 g5 31.Ne5 Nxb2 32.Ba5 Nc4 33.Nxc4 Rxc4 34.Rb4 Rc5 35.Rxe4 Rxa5 36.Ke2 Kf8
37.Kd3 Ke7 38.Re2 Kd6  1/2-1/2

[Event "3rd ENCI Limburg Open"]
[Site "Maastricht NED"]
[Date "2009.05.29"]
[Round "1"]
[White "Schiffers,S"]
[Black "Burggraaf,J"]
[Result "1/2-1/2"]
[WhiteElo "2139"]
[BlackElo "2041"]

1.e4 c5 2.c3 Nf6 3.e5 Nd5 4.d4 cxd4 5.cxd4 e6 6.Nc3 Nc6 7.Nxd5 exd5 8.Nf3 d6
9.Be2 dxe5 10.dxe5 Bb4+ 11.Bd2 Qa5 12.a3 Bxd2+ 13.Qxd2 Qxd2+ 14.Kxd2 O-O
15.Rhe1 Bg4 16.h3 Bxf3 17.Bxf3 Rfe8 18.Rac1 Nxe5 19.Be2 Nc6 20.Bf3 Rxe1 21.Kxe1 Re8+
22.Kf1 Rd8 23.Rc5 d4 24.Bxc6 Rc8 25.Rd5 bxc6 26.Rxd4 Kf8 27.Rd7 a5 28.Rb7 Re8
29.Rb6 Rc8 30.g3 h6 31.Ra6 Rb8 32.Rxc6 Rxb2 33.Rc5 Rb1+ 34.Kg2 g5 35.Rxa5 Ra1
36.h4 g4 37.h5 Kg7 38.Ra4 f5 39.Ra6 Kf7 40.a4 Kg7 41.Kh2 Rf1 42.Rg6+ Kf7
43.Kg2 Ra1 44.Rxh6 Rxa4 45.Rb6 f4 46.gxf4 Rxf4 47.h6 Rf3 48.Rb7+ Kg6 49.h7 Rh3
50.Ra7 Kf5 51.f3 Rh6 52.Ra5+ Kf4 53.Ra4+ Kf5 54.fxg4+ Kg5 55.Kg3 Rxh7 56.Ra5+ Kg6
57.Kf4 Rf7+ 58.Rf5 Rxf5+ 59.gxf5+ Kf6 60.Kg4 Kf7  1/2-1/2

[Event "TOP 16 Poule Basse"]
[Site "Le Port Marly FRA"]
[Date "2009.05.30"]
[Round "10"]
[White "Kozakov,M"]
[Black "Kotronias,V"]
[Result "0-1"]
[WhiteElo "2457"]
[BlackElo "2610"]

1.e4 c5 2.c3 Nf6 3.e5 Nd5 4.d4 cxd4 5.Nf3 Nc6 6.cxd4 d6 7.Bc4 Nb6 8.Bb5 dxe5
9.Nxe5 Bd7 10.Nxd7 Qxd7 11.Nc3 e6 12.O-O Be7 13.Qg4 O-O 14.Bh6 Qxd4 15.Bf4 Bd6
16.Ne2 Qb4 17.Bxc6 bxc6 18.a3 Qe4 19.Qg3 Bxf4 20.Nxf4 Rfd8 21.Rac1 Rac8 22.Nh5 Qg6
23.Qh4 e5 24.Rc3 Rd4 25.Qh3 Qd6 26.Qf3 Nd5 27.Rb3 g6 28.Rb7 Qe6 29.Ng3 e4
30.Qb3 h5 31.Re1 h4 32.Nf1 a5 33.Ra7 h3 34.Qxh3 Qxh3 35.gxh3 Rb8 36.Ng3 f5
37.h4 Rd2 38.b4 axb4 39.axb4 Rxb4 40.Rd7 Rbb2 41.Ra1 Ra2 42.Rxa2 Rxa2 43.h3 Nf4
44.h5 gxh5 45.h4 Nh3+ 46.Kg2 Nxf2 47.Nxf5 Nd3+ 48.Kg3 Kf8 49.Rc7 Ra3 50.Kg2 c5
51.Rc8+ Kf7 52.Nd6+ Ke6 53.Nxe4 Ra5 54.Kg3 Ke5 55.Nd2 Ra4 56.Rg8 Kd4 57.Nf3+ Ke3
58.Nh2 Re4 59.Kh3 Nf4+ 60.Kg3 c4 61.Rc8 Ne2+ 62.Kg2 c3 63.Nf1+ Kd3  0-1

[Event "3rd ENCI Limburg Open"]
[Site "Maastricht NED"]
[Date "2009.05.30"]
[Round "3"]
[White "Kalla,C"]
[Black "Hilverda,A"]
[Result "0-1"]
[WhiteElo "1977"]
[BlackElo "2197"]

1.e4 c5 2.c3 Nf6 3.e5 Nd5 4.d4 cxd4 5.Nf3 Nc6 6.Bc4 Nb6 7.Bb3 g6 8.cxd4 Bg7
9.Bf4 d6 10.exd6 O-O 11.h3 exd6 12.O-O Na5 13.Nc3 a6 14.Re1 Bf5 15.Ne4 Bxe4
16.Rxe4 Nbc4 17.Bxc4 Nxc4 18.Qb3 d5 19.Re2 b5 20.Rae1 Qb6 21.Qd3 Rac8 22.b3 Nd6
23.Ne5 Rfd8 24.Rc1 Nf5 25.Rd1 b4 26.g4 Rc3 27.Qd2 Nd6 28.f3 Nb5 29.Be3 Rdc8
30.Nd7 Qd6 31.Ne5 f6 32.f4 Rc2 33.Qxc2 Rxc2 34.Rxc2 fxe5 35.Rc8+ Kf7 36.fxe5 Bxe5
37.dxe5 Qxe5 38.Rf1+ Kg7 39.Bf4 Qd4+ 40.Kg2 Qe4+ 41.Kg3 d4 42.g5 Qe6 43.Rc5 Nc3
44.Be5+ Kg8 45.Re1 d3 46.Bxc3 Qd6+ 47.Rce5 bxc3 48.Kf3 d2 49.Re8+ Kf7 50.R1e7+ Qxe7
51.Rxe7+ Kxe7 52.Ke2 Kd6 53.b4  0-1

[Event "ch-UKR w"]
[Site "Evpatoria UKR"]
[Date "2009.05.31"]
[Round "9"]
[White "Korniyuk,M"]
[Black "Zingaylo,Ana"]
[Result "1/2-1/2"]
[WhiteElo "2043"]
[BlackElo "2092"]

1.e4 c5 2.c3 Nf6 3.e5 Nd5 4.d4 cxd4 5.Nf3 Nc6 6.Bc4 e6 7.cxd4 d6 8.O-O Be7
9.a3 O-O 10.Qe2 a6 11.Rd1 b5 12.Bd3 Bb7 13.Qe4 g6 14.Bh6 Re8 15.h4 Bf8  1/2-1/2

[Event "ch-UKR w"]
[Site "Evpatoria UKR"]
[Date "2009.05.31"]
[Round "9"]
[White "Goreskul,A"]
[Black "Shvayger,Y"]
[Result "0-1"]
[WhiteElo "2248"]
[BlackElo "2160"]

1.e4 c5 2.c3 Nf6 3.e5 Nd5 4.Nf3 Nc6 5.Bc4 Nb6 6.Bb3 c4 7.Bc2 d6 8.exd6 Qxd6
9.d4 cxd3 10.Qxd3 e5 11.a4 f5 12.Qxd6 Bxd6 13.Na3 Bb8 14.O-O e4 15.Re1 Kf7
16.Nd2 Re8 17.Ndc4 Nxc4 18.Nxc4 Be6 19.Bb3 Kf6 20.Nd2 Ne5 21.Bc2 a6 22.Nf1 g5
23.Be3 Nc4 24.Bd4+ Be5 25.Bxe5+ Nxe5 26.Rad1 Rad8 27.Rxd8 Rxd8 28.Ng3 Nd3
29.Rd1 Rd7 30.b3 Nf4 31.Rxd7 Bxd7 32.Kf1 Ke5 33.Ne2 Nd5 34.Ke1 f4 35.Kd2 Bf5
36.Ke1 Bg4 37.c4 Nb4 38.Bb1 Nc6 39.Nc3 Bf5 40.Kd2 Nd4 41.Ba2 Nc6 42.Bb1 Bg6
43.Ba2 Kd4 44.Ne2+ Kc5 45.Nc3 Kb4 46.Ne2 Ka3 47.Nc1 Kb2 48.b4 Nxb4 49.Bb3 e3+
50.fxe3 fxe3+  0-1

[Event "12th IHEM"]
[Site "Hamburg GER"]
[Date "2009.05.31"]
[Round "2"]
[White "Rosmann,I"]
[Black "Kopisch,M"]
[Result "1/2-1/2"]
[WhiteElo "2282"]
[BlackElo "2142"]

1.e4 c5 2.c3 Nf6 3.e5 Nd5 4.d4 cxd4 5.Nf3 e6 6.cxd4 d6 7.a3 Nd7 8.Bd3 Qc7
9.O-O a6 10.Re1 dxe5 11.dxe5 b5 12.Bg5 h6 13.Bh4 Bb7 14.Nbd2 Rc8 15.Nd4 Qb6
16.Qg4 g5 17.Nxe6 fxe6  1/2-1/2

[Event "3rd ENCI Limburg Open"]
[Site "Maastricht NED"]
[Date "2009.05.31"]
[Round "4"]
[White "Soors,S"]
[Black "Burggraaf,J"]
[Result "1-0"]
[WhiteElo "2236"]
[BlackElo "2041"]

1.e4 c5 2.c3 Nf6 3.e5 Nd5 4.Nf3 e6 5.d4 cxd4 6.cxd4 Nc6 7.Bc4 Nb6 8.Bd3 d5
9.Nc3 h6 10.Be3 a6 11.O-O Bd7 12.Nd2 Rc8 13.f4 g6 14.g4 Ne7 15.Qf3 h5 16.h3 Nc4
17.Nxc4 dxc4 18.Be4 hxg4 19.hxg4 Nd5 20.Nxd5 exd5 21.Bxd5 Qh4 22.Qg2 Bxg4
23.Bxb7 Rb8 24.Bc6+ Kd8 25.f5 Kc7 26.fxg6 f5 27.d5 Bh6 28.d6+ Kc8 29.Bf2 Qh5
30.e6 Bf4 31.Bd7+ Kd8 32.Bb6+  1-0

[Event "3rd ENCI Limburg Open"]
[Site "Maastricht NED"]
[Date "2009.05.31"]
[Round "4"]
[White "Serbu,E"]
[Black "Becker,Mart"]
[Result "0-1"]
[WhiteElo "2180"]
[BlackElo "2350"]

1.e4 c5 2.c3 Nf6 3.e5 Nd5 4.d4 cxd4 5.cxd4 d6 6.Bc4 Nb6 7.Bb5+ Bd7 8.e6 fxe6
9.Bd3 g6 10.h4 Bg7 11.h5 Bc6 12.Qg4 Kd7 13.Nh3 Na6 14.Ng5 Qg8 15.Nc3 h6 16.Nf3 g5
17.Be3 Nb4 18.Bg6 Rf8 19.Nd2 N4d5 20.O-O-O Nf4 21.Be4 Bxe4 22.Ndxe4 Rf5 23.Ng3 Rf8
24.d5 Kc7 25.Nb5+ Kb8 26.Bxb6 axb6 27.Qf3 Rc8+ 28.Kd2 Rc5 29.a4 Qh7 30.Qb3 Rxd5+
31.Kc1  0-1

[Event "3rd ENCI Limburg Open"]
[Site "Maastricht NED"]
[Date "2009.05.31"]
[Round "5"]
[White "Brandenburg,D"]
[Black "Solodovnichenko,Y"]
[Result "1/2-1/2"]
[WhiteElo "2453"]
[BlackElo "2564"]

1.e4 c5 2.c3 Nf6 3.e5 Nd5 4.Nf3 Nc6 5.Bc4 e6 6.d4 cxd4 7.cxd4 d6 8.O-O Be7
9.Qe2 O-O 10.Qe4 Bd7 11.Bd3 f5 12.exf6 Nxf6 13.Qe2 Qe8 14.Nc3 Qh5 15.Bf4 Qg4
16.Be3 Rae8 17.a3 Kh8 18.Rfe1 Qh5 19.Ng5 Ng4 20.h3 Bxg5 21.hxg4 Qh6 22.Ne4 Bxe3
23.Qxe3 Qxe3 24.Rxe3 d5 25.Nc5 Bc8 26.Bb5 Rf4 27.Rae1 Rxd4 28.Nxe6 Re4 29.Rxe4 dxe4
30.Nc5 Re5 31.Bxc6 bxc6 32.Rxe4 Rxe4 33.Nxe4 Bxg4 34.f3 Bf5 35.Nd6 Be6 36.Kf2 g5
37.Ne4 h6 38.Ke3 Bc4 39.Kd4 Bf1 40.g4 Be2 41.Ke3 Bc4 42.f4 gxf4+ 43.Kxf4 Kh7
44.Ng3 Be6 45.g5 hxg5+ 46.Kxg5 Kg7  1/2-1/2

[Event "XXXI Nezhmetdinov Mem"]
[Site "Kazan RUS"]
[Date "2009.06.01"]
[Round "2"]
[White "Sokolov,Sergei"]
[Black "Arzamastsev,A"]
[Result "1-0"]
[WhiteElo "2355"]
[BlackElo "2186"]

1.e4 c5 2.c3 Nf6 3.e5 Nd5 4.Nf3 Nc6 5.d4 cxd4 6.cxd4 d6 7.Nc3 Nxc3 8.bxc3 dxe5
9.d5 e4 10.dxc6 Qxd1+ 11.Kxd1 exf3 12.Bb5 Kd8 13.Bf4 e5 14.Bxe5 Bc5 15.gxf3 a6
16.Ba4 b5 17.Bb3 Be6 18.Bxe6 fxe6 19.Ke2 Rc8 20.c7+ Ke7 21.a4 Bd6 22.Bxg7 Rhg8
23.Bd4 Rxc7 24.axb5 axb5 25.Rhg1 Rxg1 26.Rxg1 Kf8 27.Kd3 Bxh2 28.Rg5 Rb7
29.Bc5+ Ke8 30.Ke4 Bb8 31.f4 Kf7 32.Bd4 Kf8 33.f5 exf5+ 34.Rxf5+ Ke8 35.Kd5 b4
36.cxb4 Rxb4 37.Bc5 Rb7 38.Ke6 Kd8 39.Rf8+ Kc7 40.Bd6+ Kc6 41.Rxb8  1-0

[Event "XXXI Nezhmetdinov Mem"]
[Site "Kazan RUS"]
[Date "2009.06.03"]
[Round "4"]
[White "Sokolov,Sergei"]
[Black "Kokarev,Dm"]
[Result "1/2-1/2"]
[WhiteElo "2355"]
[BlackElo "2603"]

1.e4 c5 2.c3 Nf6 3.e5 Nd5 4.Nf3 Nc6 5.d4 cxd4 6.cxd4 d6 7.Bc4 Nb6 8.Bb5 Bd7
9.Nc3 dxe5 10.Nxe5 Nxe5 11.dxe5 Bxb5 12.Nxb5 Qxd1+ 13.Kxd1 O-O-O+ 14.Ke2 Rd5
15.a4 Rxe5+ 16.Be3 e6 17.Rac1+ Kb8 18.Rhd1 Be7 19.f4 Re4 20.Kf3 Rb4 21.Bxb6 axb6
22.Rd7 Rb3+ 23.Ke2 Rxb2+ 24.Kf3 Rb3+ 25.Ke2 Rb2+  1/2-1/2

[Event "12th IHEM"]
[Site "Hamburg GER"]
[Date "2009.06.05"]
[Round "7"]
[White "Parligras,M"]
[Black "Carlstedt,J"]
[Result "1-0"]
[WhiteElo "2586"]
[BlackElo "2322"]

1.e4 c5 2.c3 Nf6 3.e5 Nd5 4.Nf3 Nc6 5.d4 cxd4 6.cxd4 e6 7.Bc4 Nb6 8.Bd3 Nb4
9.Bg5 Be7 10.Bxe7 Qxe7 11.Nc3 Nxd3+ 12.Qxd3 d5 13.a4 Bd7 14.a5 Nc8 15.O-O a6
16.Nd2 Qb4 17.Rfc1 Na7 18.Nd1 Bb5 19.Qc3 Qxc3 20.Nxc3 Ke7 21.f4 g6 22.Kf2 Rac8
23.Ke3 h5 24.g3 Rhd8 25.h3 Rh8 26.Nb3 Rb8 27.Nc5 Bc6 28.Rh1 Rbg8 29.g4 hxg4
30.hxg4 Kd8 31.Ne2 Kc7 32.f5 gxf5 33.gxf5 exf5 34.Rag1 Nb5 35.Rxh8 Rxh8 36.Rg7 Be8
37.Ne6+ Kd7 38.N6f4 Nc7 39.Rg5 Ke7 40.Nc3 Bc6 41.Rxf5 Rh2 42.Nd1 Rh1 43.Nc3 Rh2
44.Nd3 Nb5 45.Nxb5 Bxb5 46.Nf2 Rh6 47.Ng4 Rh1 48.Nf6 Ra1 49.Ng8+ Kf8 50.Nh6 Be8
51.Rg5 Bd7 52.Rg8+ Ke7 53.Rb8 Bc6 54.Nf5+ Ke6 55.Nd6 Rb1 56.Nxb7 Bb5 57.Nc5+ Kf5
58.b3 Re1+ 59.Kd2 Ra1 60.Kc3 Kf4 61.Rd8 Ke3 62.Rxd5 Rc1+ 63.Kb4 Rd1 64.e6 f6
65.e7 Rxd4+ 66.Rxd4 Kxd4 67.Nxa6 Bc6 68.Nb8  1-0

[Event "National Open"]
[Site "Las Vegas USA"]
[Date "2009.06.05"]
[Round "1"]
[White "Bryant,J"]
[Black "He,T"]
[Result "1-0"]
[WhiteElo "2292"]
[BlackElo "1673"]

1.e4 c5 2.c3 Nf6 3.e5 Nd5 4.Nf3 Nc6 5.Bc4 Nb6 6.Bb3 d5 7.exd6 Qxd6 8.Na3 a6
9.O-O e6 10.Qe2 Be7 11.d4 cxd4 12.Rd1 e5 13.cxd4 exd4 14.Be3 Bg4 15.Nc2 Nd5
16.Ncxd4 Nxe3 17.Qxe3 Bxf3 18.Nxf3 Qf6 19.Rac1 O-O 20.Rd7 Bd6 21.Rd1 Bb4
22.Rxb7 Qxb2 23.Qe4 Qf6 24.Ba4 Rad8 25.Rf1 Nd4 26.Rxb4 Nxf3+ 27.Qxf3 Qd6
28.Rb7 Rc8 29.Bb3 Qg6 30.Rd1 Rce8 31.h4 Re5 32.Rxf7 Qxf7 33.Qxf7+ Rxf7 34.Rd8+  1-0

[Event "OKU"]
[Site "Utrecht NED"]
[Date "2009.06.07"]
[Round "6"]
[White "Oosterman,M"]
[Black "Hylkema,R"]
[Result "0-1"]
[WhiteElo "2005"]
[BlackElo "2075"]

1.e4 c5 2.c3 Nf6 3.e5 Nd5 4.Nf3 e6 5.Bc4 Nb6 6.Bb3 Nc6 7.O-O d6 8.Qe2 Qc7
9.d4 cxd4 10.cxd4 dxe5 11.dxe5 Be7 12.Nc3 a6 13.a3 Nd7 14.Rd1 Ndxe5 15.Bf4 Nxf3+
16.Qxf3 Qa5 17.Ba4 O-O 18.b4 Qf5 19.g4 Ne5 20.Qg3 Nxg4 21.Rac1 e5 22.Nd5 Bd8
23.Bd2 Be6 24.Ne3 Nxe3 25.Bxe3 Qg4 26.Bc5 Bh4 27.Qxg4 Bxg4 28.Rd5 Rfd8 29.Rxe5 Bf6
30.Re4 Bf3 31.Ree1 Rd5 32.Be3 Rd3 33.Bb6 Rxa3 34.Bd7 g6 35.Bc8 Bc6 36.Bg4 h5
37.Be2 Bc3 38.Red1 Bxb4 39.Rd4 Rc3 40.Rcd1 Bc5 41.Rd8+ Rxd8 42.Rxd8+ Kg7  0-1

[Event "TCh-BUL"]
[Site "Sunny Beach BUL"]
[Date "2009.06.08"]
[Round "1"]
[White "Velchev,H"]
[Black "Janachkov,A"]
[Result "1/2-1/2"]
[WhiteElo "2284"]
[BlackElo "2246"]

1.e4 c5 2.c3 Nf6 3.e5 Nd5 4.d4 cxd4 5.Nf3 Nc6 6.cxd4 d6 7.Bc4 dxe5 8.dxe5 Be6
9.O-O g6 10.Ng5 Bg7 11.Nxe6 fxe6 12.Qb3 Nxe5 13.Bb5+ Nc6 14.Nc3 O-O 15.Bxc6 bxc6
16.Ne4 Rb8 17.Qh3 Nc7 18.Ng5 h6 19.Nxe6 Nxe6 20.Qxe6+ Kh7 21.Qxc6 Bxb2 22.Bxb2 Rxb2
23.Qc5 a6 24.Rae1 Rf7 25.h4 Qb6 26.Qxb6 Rxb6 27.Re2 Rb4 28.g3 Ra4 29.Rc1 e5
30.Rc3 h5 31.Rce3 Rf5 32.Re4 Ra3 33.R4e3 Ra4 34.Re4 Ra3 35.R4e3 Ra4 36.Rc2 Kh6
37.a3 e4 38.Rc7 g5 39.Rec3 Rf6 40.hxg5+ Kxg5 41.R7c4 Rxc4 42.Rxc4 Rf3 43.Ra4 e3
44.Ra5+ Kg4 45.Ra4+ Kg5 46.Ra5+ Kg4 47.Ra4+ Kg5 48.Ra5+ Kg4  1/2-1/2

[Event "TCh-BUL w"]
[Site "Sunny Beach BUL"]
[Date "2009.06.08"]
[Round "1"]
[White "Andreeva,P"]
[Black "Djingarova,E"]
[Result "0-1"]
[WhiteElo "2127"]
[BlackElo "2334"]

1.e4 c5 2.c3 Nf6 3.e5 Nd5 4.Nf3 e6 5.d4 cxd4 6.cxd4 d6 7.Bc4 Nb6 8.Bd3 Nc6
9.a3 dxe5 10.dxe5 Nd7 11.Qe2 Ndxe5 12.Nxe5 Qa5+ 13.Nc3 Qxe5 14.Be3 Bc5 15.Bxc5 Qxc5
16.O-O O-O 17.Ne4 Qe7 18.f4 f5 19.Ng5 h6 20.Nf3 Bd7 21.Qe3 Rae8 22.Rfe1 Qf6
23.b4 a6 24.Bc4 Kh7 25.Rad1 Bc8 26.Rd6 Rd8 27.Ng5+ Kh8 28.Rxd8 Rxd8 29.Nf3 Nd4
30.Ne5 Nc2 31.Qb6 Nxe1 32.Nf7+ Qxf7 33.Qxd8+ Qg8 34.Qd1 Nxg2 35.Kxg2 Qe8
36.Qd4 b5 37.Be2 Bb7+ 38.Bf3 Bxf3+ 39.Kxf3 Qc6+ 40.Kg3 Qd5 41.Qb6 Qd3+ 42.Kf2 Qc2+
43.Kg3 Qc3+ 44.Kf2 Qb2+ 45.Kg1 Qxa3 46.Qxe6 Qc1+ 47.Kg2 Qxf4 48.Qxa6 Qe4+
49.Kf1 Qc4+ 50.Kf2 Qd4+ 51.Kf3 Qd3+ 52.Kf2 Kh7 53.Qe6 Qd4+ 54.Kf3 Qg4+ 55.Kf2 Qf4+
56.Kg1 Qe4 57.Qd7 Qxb4 58.Qxf5+ Kg8 59.Qc8+ Kf7 60.Qf5+ Kg8 61.Qe6+ Kf8 62.Qf5+ Ke8
63.Qg6+ Kd8 64.Qb6+ Ke7 65.Qc7+ Kf6 66.Qc6+ Ke5 67.Qe8+ Kd5 68.Qf7+ Ke5 69.Qc7+ Kd5
70.Qf7+ Ke4 71.Qg6+ Ke3 72.Qg3+ Ke2 73.Qf2+ Kd1 74.Qf3+ Kc2 75.Qe2+ Kb1 76.Qd1+ Ka2
77.Qe2+ Ka1 78.Qe5+ Qb2 79.Qb8 b4 80.Qa7+ Kb1 81.Qe3  0-1

[Event "1st SCS GM Open"]
[Site "Bhubaneswar IND"]
[Date "2009.06.11"]
[Round "6"]
[White "Simutowe,A"]
[Black "Shyam,N"]
[Result "1/2-1/2"]
[WhiteElo "2485"]
[BlackElo "2376"]

1.e4 c5 2.c3 Nf6 3.e5 Nd5 4.Nf3 e6 5.d4 cxd4 6.cxd4 d6 7.Bc4 Nb6 8.Bd3 Nc6
9.exd6 Bxd6 10.Nc3 Be7 11.a3 Nd5 12.O-O Nxc3 13.bxc3 O-O 14.Qe2 Bf6 15.h4 Re8
16.Rd1 Qa5 17.Rb1 g6 18.Rb5 Qc7 19.h5 a6 20.Rb1 Bd7 21.hxg6 hxg6 22.Ng5 Bg7
23.Qf3 Nd8 24.Be4 Bc6 25.Bf4 Bxe4 26.Nxe4 Qc6 27.Qd3 f5 28.Nd6 Re7 29.Nc4 Nf7
30.Rb6 Qd5 31.Rbb1 Rd8 32.Nb6 Qc6 33.Qh3 e5 34.Be3  1/2-1/2

[Event "Maia Chiburdanidze Cup"]
[Site "Tbilisi GEO"]
[Date "2009.06.11"]
[Round "7"]
[White "Gogishvili,D"]
[Black "Mammadzada,G"]
[Result "1-0"]
[WhiteElo "1810"]
[BlackElo "1764"]

1.e4 c5 2.c3 Nf6 3.e5 Nd5 4.d4 cxd4 5.cxd4 d6 6.Nf3 Nc6 7.Bc4 Nb6 8.Bb5 a6
9.Bxc6+ bxc6 10.O-O e6 11.Nc3 Be7 12.Bf4 O-O 13.Qc2 d5 14.Ne2 Bb7 15.Be3 Rc8
16.Nd2 Nd7 17.Nb3 Qb6 18.Nc5 Nxc5 19.dxc5 Qc7 20.Bd4 f5 21.f4 a5 22.Nc3 Ba6
23.Rf2 Bb5 24.Nd1 Rb8 25.Ne3 Ba6 26.Rc1 Rb4 27.Qd2 Rb5 28.b3 Qa7 29.Qc3 Rfb8
30.Rfc2 Rb4 31.g3 Bc8 32.Rf2 a4 33.Nc2 R4b5 34.b4 Qa6 35.a3 R5b7 36.Ne3 Bf8
37.Qd2 Rf7 38.Nd1 g6 39.Nb2 h5 40.Qc2 Ra8 41.Nd1 Bh6 42.Nc3 Bd7 43.Rb1 Qc4
44.Qd1 Qa6 45.Rfb2 Bf8 46.Bf2 Qa7 47.Qd4 Rb8 48.b5 cxb5 49.Nxb5 Bxb5 50.Rxb5 Rxb5
51.Rxb5 Rc7 52.Qb4 Qa6 53.Ra5 Qc6 54.Rb5 Qa8 55.Rb8 Qc6 56.Rb5 Qa8 57.Kf1 Qa6
58.Kg1 Qa8 59.Rb6 Rc6 60.Rxc6 Qxc6 61.Qb6 Qc8 62.c6 Bxa3 63.Qb7  1-0

[Event "13th FIDE Open"]
[Site "Voronezh RUS"]
[Date "2009.06.12"]
[Round "1"]
[White "Demikhov,V"]
[Black "Kurnakov,M"]
[Result "1-0"]
[WhiteElo "2141"]
[BlackElo "1797"]

1.e4 c5 2.c3 Nf6 3.e5 Nd5 4.d4 cxd4 5.Nf3 Nc6 6.cxd4 e6 7.Nc3 Nb6 8.Bd3 d6
9.exd6 Bxd6 10.O-O Bd7 11.a4 Nb4 12.Be2 O-O 13.Ne4 Bc6 14.Nxd6 Qxd6 15.a5 N6d5
16.Ne5 Rac8 17.Qb3 f6 18.Nc4 Qe7 19.Bd2 Rfd8 20.Rfe1 Bd7 21.Bf3 Bc6 22.Bg4 Bd7
23.Re2 Nc6 24.Bc3 g6 25.g3 Rb8 26.Rae1 f5 27.Bf3 Ncb4 28.Ne5 Bc8 29.Bxb4 Nxb4
30.d5 Na6 31.dxe6 Kg7 32.Nf7 Re8 33.Qe3 b6 34.h4 Bb7 35.Bxb7 Rxb7 36.h5 gxh5
37.Qh6+ Kg8 38.Qxh5 Nc5 39.Nh6+ Kh8 40.Nxf5 Rbb8 41.Nxe7  1-0

[Event "13th Open"]
[Site "Voronezh RUS"]
[Date "2009.06.12"]
[Round "1"]
[White "Deviatkin,A"]
[Black "Gorkavij,V"]
[Result "1-0"]
[WhiteElo "2566"]
[BlackElo "2327"]

1.e4 c5 2.c3 Nf6 3.e5 Nd5 4.d4 cxd4 5.Qxd4 e6 6.Bd3 Nc6 7.Qe4 f5 8.Qe2 Be7
9.Nf3 b6 10.O-O Bb7 11.a3 O-O 12.c4 Nc7 13.b4 d6 14.Bb2 dxe5 15.Nxe5 Bf6
16.Rd1 Nxe5 17.Bxe5 Bxe5 18.Qxe5 Rf6 19.Nc3 Qc8 20.Rd2 Rg6 21.Bf1 Ne8 22.Ne2 Rh6
23.Rc1 Nf6 24.f3 Nd7 25.Qd6 Nf8 26.c5 bxc5 27.Rxc5 Qe8 28.Rc7 e5 29.Qd3 Ba6
30.Qxf5 Ne6 31.Rc3 Qb5 32.Qe4 Rf8 33.Qc6 Nd4 34.Qxb5 Bxb5 35.Nxd4 exd4 36.Rxd4 Bxf1
37.Kxf1 Rxh2 38.Rd7 g5 39.Kg1 Rh6 40.Rxa7 Rg6 41.b5 h5 42.Rac7 g4 43.fxg4 hxg4
44.Rc8  1-0

[Event "Open"]
[Site "Teplice CZE"]
[Date "2009.06.13"]
[Round "1"]
[White "Molnar,Lad"]
[Black "Vanek,T"]
[Result "0-1"]
[WhiteElo "1800"]
[BlackElo "2283"]

1.e4 c5 2.c3 Nf6 3.e5 Nd5 4.Bc4 Nb6 5.Bb3 d5 6.d4 cxd4 7.cxd4 Nc6 8.f4 a5
9.Nc3 Bf5 10.Nf3 a4 11.Nxa4 Nxa4 12.Bxa4 Qa5+ 13.Bd2 Qxa4 14.Qxa4 Rxa4 15.b3 Ra8
16.Kf2 e6 17.a4 Bb4 18.Ra2 Bxd2 19.Rxd2 Nb4 20.Nh4 Be4  0-1

[Event "13th Master Open"]
[Site "Voronezh RUS"]
[Date "2009.06.13"]
[Round "2"]
[White "Chekhov,S"]
[Black "Airapetian,Ta"]
[Result "1-0"]
[WhiteElo "2331"]
[BlackElo "2125"]

1.e4 c5 2.c3 Nf6 3.e5 Nd5 4.Nf3 Nc6 5.d4 cxd4 6.cxd4 d6 7.Bc4 e6 8.Qe2 dxe5
9.dxe5 Na5 10.Bg5 Be7 11.Bxe7 Nxe7 12.Nc3 Nxc4 13.Qxc4 Bd7 14.Rd1 O-O 15.O-O Rc8
16.Qd4 Bc6 17.Qxa7 Qc7 18.Nd4 Bd5 19.Qa3 Bc4 20.Rfe1 Rfd8 21.b3 Ba6 22.Ndb5 Rxd1
23.Rxd1 Bxb5 24.Nxb5 Qc2 25.Rf1 Nf5 26.Nd6 Nxd6 27.exd6 Qd2 28.Qa7 Qd5 29.Qb6 g6
30.h3 Ra8 31.Rc1 Ra6 32.Qd8+ Kg7 33.Rc7 Rxa2 34.Rc8 Ra1+ 35.Kh2 Rd1 36.Qh8+ Kh6
37.Qf8+ Kh5 38.Qxf7 Qxd6+ 39.f4 Qd7 40.g4+ Kh6 41.Qf8+ Qg7 42.g5+  1-0

[Event "13th FIDE Open"]
[Site "Voronezh RUS"]
[Date "2009.06.14"]
[Round "3"]
[White "Golovchanov,A"]
[Black "Orekhov,N"]
[Result "1-0"]
[WhiteElo "2112"]
[BlackElo "1766"]

1.e4 c5 2.c3 Nf6 3.e5 Nd5 4.d4 cxd4 5.cxd4 Nc6 6.Nf3 d6 7.Bc4 Nb6 8.Bb5 dxe5
9.Nxe5 Bd7 10.Nxd7 Qxd7 11.Nc3 a6 12.Bxc6 bxc6 13.O-O e6 14.Be3 Be7 15.Qg4 Kf8
16.Rad1 h5 17.Qe4 Nd5 18.Rc1 g6 19.Nxd5 cxd5 20.Qe5 f6 21.Qg3 Qe8 22.Rc7 Qf7
23.Bf4 Rh7 24.Rfc1 Qe8 25.Qe3 g5 26.Bd6 Bxd6 27.Rxh7 Kg8 28.Qd3  1-0

[Event "Open"]
[Site "Teplice CZE"]
[Date "2009.06.15"]
[Round "3"]
[White "Sondermann,J"]
[Black "Valenta,P"]
[Result "1-0"]
[WhiteElo "2145"]
[BlackElo "1941"]

1.e4 c5 2.c3 Nf6 3.e5 Nd5 4.d4 d6 5.dxc5 dxc5 6.Bc4 e6 7.Nf3 Be7 8.O-O a6
9.a4 b6 10.Qe2 Ra7 11.Qe4 Rd7 12.Qg4 g6 13.Bh6 Bf8 14.Qh3 Bxh6 15.Qxh6 f5
16.exf6 Qxf6 17.Re1 Re7 18.Nbd2 Qf4 19.Qxf4 Nxf4 20.Ne4 O-O 21.Nd6 Bd7 22.Ne5 Kg7
23.Nxd7 Rxd7 24.Ne4 e5 25.g3 Nd5 26.a5 b5 27.Bf1 c4 28.Nc5 Re7 29.Rad1 Nc7
30.Rd6 Rf6 31.Red1 Ref7 32.Rb6 Nc6 33.Ne4 Nxa5 34.Nxf6 Rxf6 35.Rd7+ Rf7 36.Rxf7+ Kxf7
37.Bh3 Ke7 38.Bc8 Nd5 39.Rxa6 Nb3 40.Re6+ Kd8 41.Rxe5 Nc7 42.Be6 h6 43.Bf7 g5
44.f4 Nc1 45.fxg5 hxg5 46.Bg6 Kd7 47.Bc2 Kd6 48.Re1 Nd3 49.Bxd3 cxd3 50.Rd1 Kc5
51.Rxd3 Kc4 52.Rd4+ Kb3 53.Rb4+  1-0

[Event "Open"]
[Site "Varna BUL"]
[Date "2009.06.15"]
[Round "4"]
[White "Schneider,Ve"]
[Black "Sychev,K"]
[Result "1-0"]
[WhiteElo "2320"]
[BlackElo "2126"]

1.e4 c5 2.c3 Nf6 3.e5 Nd5 4.Nf3 e6 5.d4 cxd4 6.cxd4 Nc6 7.Bc4 Nb6 8.Bb3 d6
9.Qe2 Be7 10.O-O O-O 11.Nc3 a6 12.Re1 Qc7 13.Qe4 dxe5 14.dxe5 Nd7 15.Bc2 g6
16.Bh6 b5 17.Bxf8 Bxf8 18.Qf4 f5 19.Rac1 Bg7 20.Bb3 Nc5 21.Nxb5 Qb6 22.Qe3  1-0

[Event "13th Open"]
[Site "Voronezh RUS"]
[Date "2009.06.15"]
[Round "4"]
[White "Provotorov,I"]
[Black "Kokarev,Dm"]
[Result "0-1"]
[WhiteElo "2408"]
[BlackElo "2603"]

1.e4 c5 2.c3 Nf6 3.e5 Nd5 4.d4 cxd4 5.Nf3 Nc6 6.cxd4 d6 7.Bc4 Nb6 8.Bb5 Bd7
9.exd6 e6 10.Bg5 f6 11.Bh4 Bxd6 12.O-O Nb4 13.Nc3 Bxb5 14.Nxb5 O-O 15.Re1 Qd7
16.Nxd6 Qxd6 17.Qb3 N4d5 18.Bg3 Qd7 19.Nd2 Nc8 20.Ne4 b6 21.Rac1 h6 22.f3 f5
23.Nc3 Nce7 24.Be5 Rfc8 25.Rc2 b5 26.Rce2 Nxc3 27.bxc3 Nd5 28.Qb2 Nxc3 29.Re3 Nd5
30.Rb3 b4 31.f4 Kh7 32.Rg3 g6 33.h4 Rc3 34.Qf2 Rac8 35.h5 Rxg3 36.Qxg3 gxh5
37.Qf3 Qf7 38.Qe2 h4 39.Rf1 Rg8 40.Rf3 Qb7 41.Rh3 Rg4 42.Qf2 Qc6 43.Rxh4 Qc1+
44.Kh2 Ne3  0-1

[Event "zt 3.4 w"]
[Site "Tashkent UZB"]
[Date "2009.06.19"]
[Round "4"]
[White "Davletbayeva,M"]
[Black "Sergeyeva,M"]
[Result "0-1"]
[WhiteElo "2133"]
[BlackElo "2377"]

1.e4 c5 2.c3 Nf6 3.e5 Nd5 4.Nf3 e6 5.Bc4 b6 6.O-O Bb7 7.d4 Qc7 8.Be2 cxd4
9.cxd4 Nc6 10.a3 d6 11.Nc3 Nxc3 12.bxc3 dxe5 13.dxe5 Be7 14.Bf4 O-O 15.Bd3 Rfd8
16.Qe2 g6 17.h4 Na5 18.c4 Nb3 19.Rad1 Nd4 20.Nxd4 Rxd4 21.Bg5 Bxg5 22.hxg5 Qc6
23.f3 Qc5 24.Qf2 Rad8 25.Bc2 Qxe5 26.Rxd4 Rxd4 27.Re1 Qc5 28.Bb3 Ba6 29.Rc1 Qxa3
30.Qxd4 Qxc1+ 31.Kh2 Qxg5 32.Qd7 Qf4+ 33.Kg1 Qe3+ 34.Kh2 Qxb3 35.Qd8+ Kg7
36.Qd4+ f6 37.Qd7+ Kh6 38.Qf7 Qc3  0-1

[Event "Oceania Zonal"]
[Site "Gold Coast AUS"]
[Date "2009.06.21"]
[Round "4"]
[White "Ly,Mo"]
[Black "Morris,J"]
[Result "0-1"]
[WhiteElo "2340"]
[BlackElo "2114"]

1.e4 c5 2.c3 Nf6 3.e5 Nd5 4.d4 e6 5.Nf3 Nc6 6.c4 Ndb4 7.dxc5 a5 8.Nc3 Bxc5
9.Ne4 Be7 10.Be2 O-O 11.Bf4 f5 12.exf6 Bxf6 13.Bd6 Rf7 14.Nxf6+ Qxf6 15.Qd2 Nd4
16.O-O Nxe2+ 17.Qxe2 Nc6 18.Rfd1 b6 19.b3 Bb7 20.Qe3 Qg6 21.Bg3 Raf8 22.Ng5 Rf5
23.Ne4 Ba8 24.Nd6 Rc5 25.f3 h5 26.Rd2 h4 27.Bxh4 Ne5 28.Bg3 Rxf3 29.Qe2 Rxg3
30.hxg3 Qxg3 31.Kf1 Ng4 32.Qe1 Nh2+  0-1